000 00695nam a2200217Ia 4500
001 13546
003 GE_BSU
008 181216s||||||||xx |||||||||||||| ||und||
040 _cGE_BSU
080 _a591(075.8)
100 _aხოჯევანიშვილი,ს.
245 _aუხერხემლოთა ზოოლოგიის პრაქტიკუმი
245 _bდამხმ.სახ-ლო
260 _aთბილისი
260 _bგანათლება
260 _c1966
300 _a286გვ.
541 _h12ლ.
653 _aუხერხემლოთა ზოოლოგიის პრაქტიკუმი
942 _cBK
999 _c46702
_d46702